İstanbul'un festivalleri (Record no. 9901)

MARC details
000 -BAŞLIK
Sabit Uzunlukta Kontrol Alanı 00809na a2200265 4500
001 - KONTROL NUMARASI
Denetim Alanı 23771
003 - KONTROL NUMARASI IDENTIFIER
Denetim Alanı MIRAKIL
005 - SON İŞLEM TARİHİ VE ZAMANI
Denetim Alanı 20181213155301.0
008 - SABİT-BOY VERİ ELEMANLARI - GENEL BİLGİLER
Sabit Uzunlukta Kontrol Alanı 171225b tu 000 0
020 ## - ULUSLARARASI STANDART KİTAP NUMARASI
Uluslararası Standart Kitap Numarası 9786053992011
040 ## - KATALOGLAMA KAYNAK
Orijinal Kataloglama Ajansı Milas
Kataloglama Dili tur
Metne Dönüştürmek Ajansı TR-AnCHP
041 ## - DİL KODU
Metin / Ses Parça Veya Ayrı Başlığın Dil Kodu tur
082 ## - DEWEY ONLU SINIFLANDIRMA NUMARASI
Sınıflandırma Numarası 394.26956226
Ürün Numarası İ77 2017
090 ## - SINIFLAMA NUMARASI
Sınıflama Numarası 394.26956226 İ77 2011
245 ## - BAŞLIK TABLOSU
Başlık İstanbul'un festivalleri
Sorumluluk Tablosu, Vb derleyen Serhan Ada
260 ## - YAYIN, DAĞITIM, VB
Yayın, Dağıtım, Vb Yeri İstanbul
Yayıncı, Dağıtıcı, Vs Adı İstanbul Bilgi Üniversitesi
Yayın, Dağıtım, Vb Tarihi 2011
300 ## - FİZİKSEL TANIM
Kapsam 144 s.
Diğer Fiziksel Ayrıntıları fotğ.
Boyutlar 23 sm.
440 ## - SERİSİ TABLOSU / KATMA GİRİŞİ - BAŞLIK
Başlık İstanbul Bilgi Üniversitesi Yayınları
Hacim / Ardışık Tanımı 345
490 ## - SERİSİ TABLOSU
Seri Beyanı Kültür Ekonomisi
Hacim / Ardışık Tanımı 6
504 ## - KAYNAKÇA VB NOT
Kaynakça Vb Notu Kaynakça var
650 ## - KONU KATMA GİRİŞ - TOPİKAL DÖNEM
Topikal Süreli Veya Coğrafi Ad Giriş Elemanı Modern sanat
Genel Alt Bölümü 21. yüzyıl
Coğrafi Alt Bölümü Türkiye- İstanbul
650 ## - KONU KATMA GİRİŞ - TOPİKAL DÖNEM
Topikal Süreli Veya Coğrafi Ad Giriş Elemanı sanat festivalleri
Genel Alt Bölümü İstanbul (Türkiye)
700 ## - KATMA GİRİŞ - KİŞİSEL İSİM
Kişisel Ad Ada, Serhan
942 ## - EKLENDİ GİRİŞ ELEMANLARI (KOHA)
Sınıflandırma Veya Raf Düzeni Kaynak
Koha Öğesi Türü Books
999 ## - SİSTEM KONTROL NUMARALARI (KOHA)
Koha Biblionumber 9901
Koha Biblioitemnumber 9901
Holdings
Kalıcı Konum Mevcut Konum Edinme Tarihi Edinim Kaynak Toplam Check-Out'Lar Tam Çağrı Numarası Barkod Tarih Son Görülme İtibaren Geçerli Fiyatlar Koha Öğesi Türü
CHP Kütüphanesi CHP Kütüphanesi 12/25/2017 Bağış   394.26956226 İ77 2011 017752 12/25/2017 12/25/2017 Books